Meilleures villes étudiantes de France - Statistiques

Statistiques générales
  • Ce quiz a été pris 384 fois
    155 depuis la dernière actualisation
  • Le résultat moyen est 14 sur 20
Statistiques - réponses
Rang Points Ville % Correct
11-20 74,5 Paris
99%
11-20 71 Aix-Marseille
96%
1 88 Toulouse
92%
6 80,6 Lyon
90%
11-20 71,5 Bordeaux
89%
2 83 Montpellier
88%
8 80 Strasbourg
88%
8 80 Nantes
85%
11-20 69 Nice
82%
4 82 Rennes
80%
6 80,6 Grenoble
69%
11-20 75 Angers
63%
11-20 70 Brest
62%
11-20 73 Clermont-Ferrand
58%
11-20 71,5 Dijon
57%
5 81,5 Caen
56%
10 78 Nancy
55%
11-20 72,5 Orléans
45%
11-20 73 Poitiers
37%
2 83 Besançon
33%
Aucun quiz correspondant
Distribution des résultats
% des personnes avec chaque résultat
Percentile par nombre de réponses
Votre historique - résultats
Vous n’avez pas pris ce quiz depuis la dernière actualisation